Países con mayor número de refugiados ucranianos - Estadísticas

Estadísticas generales
  • Esta prueba ha sido intentada 51 veces
  • La puntuación promedio es 18 de 20
Estadísticas de respuestas
Número País % Correcto
235.680 España
100%
70.115 Francia
98%
182.440 Rumanía
98%
1.243.445 Alemania
96%
171.000 Italia
96%
999.710 Polonia
96%
254.035 Reino Unido
96%
69.140 Suiza
91%
70.995 Finlandia
87%
80.345 Noruega
87%
1.223.795 Rusia
87%
90.030 Bélgica
85%
77.360 Bulgaria
85%
115.010 Irlanda
85%
124.030 Países Bajos
85%
65.765 Portugal
85%
401.350 Chequia
81%
127.785 Moldavia
81%
81.685 Austria
79%
132.735 Eslovaquia
79%
No se encontraron pruebas coincidentes
Distribución de puntuación
Porcentaje de gente con cada puntuación
Porcentaje por número respondido
Historial de tus puntuaciones
No has intentado esta prueba.